000 00437nam a2200181Ia 4500
005 20250529150611.0
008 008 250516s9999 xx 000 0 eng d
020 _a9780670100002
040 _beng
_cSDCL
041 _aeng
_2eng
084 _aO-,6N51x R4
100 _aKumar, Krishna
245 0 _aThank You, Gandhi
260 _aGurugram:
_bPenguin,
_c2024.
300 _a211p.
650 _aReference
942 _cTEXL
_2CC
999 _c1429477
_d1429477